000 00922nam a2200241 i 4500
001 bg
100 1 _aSKARŻYŃSKA, Aldona
245 1 0 _aProdukcja, koszty ekonomiczne i dochody wybranych produktów rolniczych w latach 2001-2002 /
_cAldona Skarżyńska, Teresa Pokrzywa ; Instytut Ekonomiki Rolnictwa i Gospodarki Żywnościowej.
260 _aWarszawa :
_bIERiGŻ,
_c2003.
300 _a68, [1] s. :
_bil. ;
_c30 cm.
650 9 _aGospodarstwo rolne
_xekonomika
_zPolska
_yod 1989 r.
650 9 _aRolnictwo
_xkoszty
_zPolska
_yod 1989 r.
650 9 _aProdukcja
_xrolnictwo
_zPolska
_yod 1989 r.
700 1 _aPOKRZYWA, Teresa
710 0 _aInstytut Ekonomiki Rolnictwa i Gospodarki Żywnościowej (Warszawa)
020 _a8386815892
040 _cBPK
041 0 _apol
080 _a631.115.1:631.16](438)"1989/..."(083.41)
920 _a83-86815-89-2
942 _cKS
008 s pl f |000 0 pol
999 _c35430
_d35430
856 _uhttp://koha.tu.koszalin.pl/cgi-bin/koha/opac-detail.pl?biblionumber=35430
_yKatalog online BPK